South Indian State Capitals - Statistics

General Stats
  • This quiz has been taken 21 times
  • The average score is 4 of 5
Answer Stats
State Capital % Correct
Tamil Nadu Chennai
100%
Karnataka Bengaluru
94%
Telangana Hyderabad
94%
Kerala Thiruvananthapuram
88%
Andhra Pradesh Amaravati
65%
No matching quizzes found
Score Distribution
Percent of People with Each Score
Percentile by Number Answered
Your Score History
You have not taken this quiz